An afterlife for the Khan (Бичлэгийн дугаар. 144395)
| 000 -УДИРДЛАГА | |
|---|---|
| Удирдлага | 02590nam a2200373 4500 |
| 003 - ХЯНАЛТЫН ТОО ТОДОРХОЙЛОГЧ | |
| Код | MN-UlNUM |
| 005 - БИЧИЛТ ХИЙСЭН ОГНОО | |
| Тухайн бичилтийг бичсэн засварласан сүүлийн огноо | 20251021170953.0 |
| 008 - ЕРӨНХИЙ МЭДЭЭЛЭЛ | |
| Ерөнхий мэдээлэл | 251015s2023 cau||||| |||| 00| | eng d |
| 020 ## - ISBN | |
| ISBN | 9780520392915 |
| 040 ## - БИЧЛЭГ ҮҮСГЭГЧ БАЙГУУЛЛАГА | |
| Бичлэг үүсгэгч номын сангийн код | МУИС-ийн номын сан |
| 084 ## - ББК АНГИЛАЛ | |
| Нэмэлт тусгалт | Нэг сэдэвт бүтээл |
| Мэдлэгийн ялгаа | 63 - Түүх |
| ББК ангилал | 63.3(5)+86.2 |
| Зохиогчийн гурван тэмдэгт | B 84 |
| 100 1# - ЗОХИОГЧ | |
| Зохиогчийн нэр | Brack, Jonathan |
| Зохиогчийн огноо | 1981- |
| 245 13 - ҮНДСЭН ГАРЧИГ | |
| Номын нэр | An afterlife for the Khan |
| Бага гарчгийн мэдээ | Muslims, Buddhists and sacred kingship in Mongol Iran and Eurasia |
| 260 ## - ГАРАЛТЫН МЭДЭЭ | |
| Хэвлэгдсэн газар | California |
| Хэвлэлийн газар | University of California Press |
| Хэвлэгдсэн он | 2023 |
| 300 ## - МАТЕРИАЛЫН ТОДОРХОЙЛОЛТ | |
| хуудасны тоо | 196 |
| 500 ## - Тайлбар | |
| Дансны дугаар | ГФ 20903 |
| 505 ## - Агуулгын тэмдэглэгээ | |
| Агуулгын тэмдэглэгээ | In the Mongol Empire, the interfaith court debate was an arena for an ideologically and religiously charged performance of the Mongol ruler's sacred kingship. At the court of the newly established Ilkhanate, Muslim administrators, Buddhist monks, and Christian clergy all attempted to sway their imperial overlords, arguing fiercely over the proper role of the king and his government, with momentous and far-reaching consequences. Focusing on the famous but understudied figure of the grand vizier Rashid al-Din, a Persian Jew who converted to Islam, Jonathan Z. Brack explores the myriad ways Rashid al-Din and his fellow courtiers investigated, reformulated, and transformed long-standing ideas of authority and power. Out of this intellectual ferment of accommodation, resistance, and experimentation, they developed a completely new understanding of sacred kingship. This new ideal, and the political theology it subtends, would go on to become a central justification in imperial projects across Eurasia in the centuries that followed. An Afterlife for the Khan offers a powerful cultural and intellectual history of this pivotal moment for Islam and empire in the Middle East and Asia. |
| 546 ## - ХЭЛНИЙ ТУХАЙ МЭДЭЭ | |
| Хэл | Англи хэл дээр, |
| 653 ## - Түлхүүр үг | |
| Түлхүүр үг | history |
| 653 ## - Түлхүүр үг | |
| Түлхүүр үг | Ilkhanid dynasty |
| 653 ## - Түлхүүр үг | |
| Түлхүүр үг | history of Mongolia |
| 653 ## - Түлхүүр үг | |
| Түлхүүр үг | history of Iran |
| 653 ## - Түлхүүр үг | |
| Түлхүүр үг | history of Eurasia |
| 653 ## - Түлхүүр үг | |
| Түлхүүр үг | Buddhists |
| 653 ## - Түлхүүр үг | |
| Түлхүүр үг | Muslim |
| 740 ## - НОМЫН ГАРЧИГ | |
| Гарчиг | Indian Prophet or Father of Arabian Paganism? The Buddha and the Buddhists in the History of India |
| 740 ## - НОМЫН ГАРЧИГ | |
| Гарчиг | Perfect Souls, Imperfect Bodies: Refuting Reincarnation at the Mongol Court |
| 740 ## - НОМЫН ГАРЧИГ | |
| Гарчиг | Converting Fortune: From Buddhist Cakravartins to Lords of Auspicious Conjunction |
| 740 ## - НОМЫН ГАРЧИГ | |
| Гарчиг | King of Kalam: Öljeitü's Theological Domestication |
| 740 ## - НОМЫН ГАРЧИГ | |
| Гарчиг | From Ancestor Worship to Shrine-Centered Kingship: Ilkhanid Confessional Politics and the Debate over Shrine Visitation |
| 740 ## - НОМЫН ГАРЧИГ | |
| Гарчиг | Epilogue: Kingship and the Court Debate after the Mongols |
| 942 ## - ЭЛЕМЕНТИЙН ТӨРӨЛ | |
| Зүйлийн төрөл | Ном |
